[Event "21st Czech GM Open"]
[Site "Pardubice CZE"]
[Date "2010.07.26"]
[Round "4"]
[White "Bakalarz,M"]
[Black "Arndt,U"]
[Result "1-0"]
[WhiteElo "2324"]
[BlackElo "2049"]
[EventDate "2010.07.23"]

1. e4 c6 2. d4 d5 3. exd5 cxd5 4. Bd3 Nc6 5. c3 Nf6 6. Bf4 Bg4 7. Qb3 Qc8
8. Nd2 e6 9. Ngf3 Be7 10. O-O O-O 11. Ne5 Nxe5 12. dxe5 Nd7 13. Qc2 g6 14.
h3 Bf5 15. Bxf5 gxf5 16. Bh6 Re8 17. Nf3 Kh8 18. Bg5 Bxg5 19. Nxg5 Nxe5 20.
Rae1 f6 21. Rxe5 fxe5 22. Nf7+ Kg7 23. Nxe5 Kf6 24. Re1 Qc7 25. Qe2 Qg7 26.
Qe3 Ke7 27. c4 Kf8 28. cxd5 exd5 29. Qc5+ Re7 30. Qxd5 Rae8 31. f4 Qf6 32.
Kh2 Kg7 33. Re3 Qe6 34. Qd4 Qb6 35. Qc3 Qc7 36. Nc6+ Kf7 37. Ne5+ Kg8 38.
Rg3+ Kf8 39. Qb3 Re6 40. Qd3 Rxe5 41. fxe5 Qxe5 42. Qa3+ Re7 43. Qxa7 Qc7
44. Qa8+ Re8 45. Qa3+ Re7 46. Qd3 Qe5 47. Qd8+ Re8 48. Qd7 f4 49. Rf3 Re7
50. Qc8+ Re8 51. Qxb7 Rb8 52. Qxh7 Rxb2 53. Qh6+ Ke7 54. Qxf4 Qxf4+ 55.
Rxf4 Rxa2 56. h4 Ke6 57. Kh3 Ra3+ 58. Kg4 Ke5 59. g3 Rb3 60. h5 Rb8 61.
Rf5+ Ke6 62. h6 Rh8 63. Rh5 Kf6 64. h7 Kg6 65. Kh4 Kf6 66. Rh6+ Kg7 67. Kg5
Kf7 68. Ra6 Rxh7 69. Ra7+ Kg8 70. Rxh7 Kxh7 71. Kf6 Kh6 72. g4 Kh7 73. g5
Kg8 74. Kg6 Kh8 75. Kf7 Kh7 76. g6+ Kh6 77. g7 Kg5 78. g8=Q Kf4 79. Ke6 Ke4
80. Qg4+ Kd3 81. Kd5 Ke3 82. Kc4 Kf2 83. Kd3 Kf1 84. Ke3 Ke1 85. Qg1+ 1-0

[Event "21st Czech GM Open"]
[Site "Pardubice CZE"]
[Date "2010.07.26"]
[Round "4"]
[White "Chernyshova,N"]
[Black "Fominykh,M"]
[Result "1/2-1/2"]
[WhiteElo "2019"]
[BlackElo "2313"]
[EventDate "2010.07.23"]

1. e4 d6 2. d4 Nf6 3. Nc3 g6 4. Be2 Bg7 5. g4 c5 6. d5 O-O 7. Be3 Qa5 8. f3
b5 9. Qd2 b4 10. Nd1 Na6 11. Kf1 Re8 12. Bf4 Nc7 13. Ne3 Ba6 14. Nc4 Bxc4
15. Bxc4 Nd7 16. Rb1 Nb6 17. Qe2 e6 18. Qd3 exd5 19. exd5 Nxc4 20. Qxc4 Qb5
21. Qxb5 Nxb5 22. Ne2 Be5 23. Kf2 Rab8 24. Rhe1 Rb6 25. Nc1 Bd4+ 26. Kf1
Rxe1+ 27. Kxe1 Nc7 28. Ne2 Nxd5 29. Bg3 Be5 30. Bxe5 dxe5 31. Kf2 Ra6 32.
Rd1 Nc7 33. Rd8+ Kg7 34. Nc1 Ne6 35. Rd7 Nd4 36. Rd5 Rf6 37. Rxe5 Rxf3+ 38.
Kg2 Rf4 39. h3 Nxc2 40. Rxc5 Ne3+ 41. Kg3 Rd4 42. Kf3 Nc4 43. b3 Nd6 44.
Ra5 Rd1 45. Ne2 Rd3+ 46. Kg2 Ne4 47. Rxa7 Re3 48. Nf4 Nc3 49. Kf2 Nd1+ 50.
Kg2 Re4 51. Kf3 Re3+ 52. Kg2 Re4 53. Kf3 1/2-1/2

[Event "21st Czech GM Open"]
[Site "Pardubice CZE"]
[Date "2010.07.26"]
[Round "4"]
[White "Schmidt Schaeffer,S"]
[Black "Oresky,J"]
[Result "0-1"]
[WhiteElo "2431"]
[BlackElo "2209"]
[EventDate "2010.07.23"]

1. f4 g6 2. Nf3 d5 3. e3 Bg7 4. d4 Nf6 5. Bd3 O-O 6. O-O c5 7. c3 cxd4 8.
exd4 Bf5 9. Bxf5 gxf5 10. Ne5 e6 11. Nd2 Nbd7 12. Qe2 a6 13. a4 Qc7 14. Rf3
Rfe8 15. Rh3 Nf8 16. a5 Ng6 17. Nb3 Ne4 18. Kh1 Nxe5 19. fxe5 Qc4 20. Qxc4
Nf2+ 21. Kg1 Nxh3+ 22. gxh3 dxc4 23. Nc5 f6 24. exf6 Bxf6 25. Bf4 Re7 26.
Re1 Rae8 27. Bd6 Rg7+ 28. Kf1 Kf7 29. Nxb7 Bh4 30. Bg3 Bxg3 31. hxg3 Reg8
32. Nc5 Rxg3 33. Rxe6 Rg1+ 34. Kf2 R8g2+ 35. Kf3 Rxb2 36. Rxa6 Rf1+ 37. Ke3
f4+ 38. Ke4 Re2+ 39. Kd5 f3 40. Ne4 Ra2 41. Kxc4 f2 42. Rf6+ Ke7 43. a6
Ra4+ 44. Kb5 Rxa6 45. Rxf2 Rxf2 46. Nxf2 Rf6 47. Ne4 Rf4 48. Nc5 Kd6 49.
Kc4 Rh4 50. Nb7+ Kc7 51. Nc5 Rxh3 52. Ne4 h5 53. d5 Rf3 54. Kd4 h4 55. Ng5
Rg3 56. Ne4 Rg4 57. d6+ Kd8 0-1

[Event "21st Czech GM Open"]
[Site "Pardubice CZE"]
[Date "2010.07.26"]
[Round "4"]
[White "Bartos,J"]
[Black "Cioara,A"]
[Result "0-1"]
[WhiteElo "2214"]
[BlackElo "2427"]
[EventDate "2010.07.23"]

1. d4 Nf6 2. c4 e6 3. Nf3 b6 4. e3 Bb7 5. Bd3 d5 6. cxd5 exd5 7. O-O Bd6 8.
b3 Nbd7 9. Bb2 Qe7 10. Nc3 a6 11. Rc1 O-O 12. Ne2 Ne4 13. Ng3 f5 14. Qc2
Rf7 15. Qe2 g5 16. Rfd1 g4 17. Ne1 Qh4 18. Rc2 Rf6 19. f4 Nxg3 20. hxg3 Qh5
21. Qf2 Re8 22. Rcc1 Rfe6 23. Nc2 Nf6 24. Re1 a5 25. Kf1 Ne4 26. Qg1 Nxg3+
27. Kf2 Qh4 28. a3 Ne4+ 29. Ke2 g3 30. Bxe4 Rxe4 31. Kd2 Ba6 32. Qh1 Qg4
33. Qh3 Qg6 34. Rh1 Rxf4 35. Rcd1 Rf2+ 36. Kc1 f4 37. Rd2 fxe3 0-1

[Event "21st Czech GM Open"]
[Site "Pardubice CZE"]
[Date "2010.07.27"]
[Round "5"]
[White "Akesson,R"]
[Black "Gabrielian,A"]
[Result "0-1"]
[WhiteElo "2470"]
[BlackElo "2559"]
[EventDate "2010.07.23"]

1. Nf3 Nf6 2. c4 g6 3. Nc3 d5 4. cxd5 Nxd5 5. Qa4+ Bd7 6. Qh4 Nxc3 7. dxc3
Nc6 8. e4 e5 9. Bg5 Be7 10. Bxe7 Qxe7 11. Qxe7+ Kxe7 12. Bc4 f6 13. Nd2
Rhd8 14. a4 a5 15. Ke2 Na7 16. Nf1 Nc8 17. Ne3 Nb6 18. Bb3 f5 19. Rhd1 Be6
20. Bxe6 Kxe6 21. Rxd8 Rxd8 22. f3 f4 23. Nf1 g5 24. b3 h5 25. h3 Nd7 26.
Rd1 Rg8 27. Nd2 Nb6 28. Nb1 c6 29. Na3 g4 30. hxg4 hxg4 31. Kf2 g3+ 32. Ke2
Rh8 33. Kd3 Rh2 34. Rd2 Rh1 35. Nc4 Nxc4 36. Kxc4 Rc1 37. Rb2 Kd6 38. Rd2+
Kc7 39. Rb2 Rf1 40. Rd2 b6 41. Re2 Rd1 42. Ra2 Kb7 43. Rb2 Ka6 44. Ra2 Rf1
45. Rd2 Rg1 46. Ra2 Rd1 47. Rb2 Ka7 48. Ra2 Kb7 49. Rb2 Kc7 50. Ra2 Kd6 51.
Rb2 Ke6 52. Rc2 Kd6 53. Rb2 c5 54. Kb5 Kc7 55. b4 axb4 56. cxb4 cxb4 57.
Kxb4 Rf1 58. Rc2+ Kb7 59. Rd2 Rf2 60. Rd5 Rxg2 61. Rxe5 Rf2 62. Kb5 Rxf3
63. Re7+ Kc8 64. Rg7 Rf2 65. e5 g2 66. Kxb6 f3 67. e6 Kd8 0-1

[Event "21st Czech GM Open"]
[Site "Pardubice CZE"]
[Date "2010.07.27"]
[Round "5"]
[White "Potapov,P"]
[Black "Pridorozhni,A"]
[Result "1/2-1/2"]
[WhiteElo "2445"]
[BlackElo "2553"]
[EventDate "2010.07.23"]

1. e4 Nf6 2. e5 Nd5 3. Nf3 d6 4. d4 c6 5. c4 Nb6 6. Nc3 Bg4 7. exd6 exd6 8.
h3 Bh5 9. Be3 Be7 10. b3 d5 11. c5 N6d7 12. Be2 O-O 13. O-O Re8 14. b4 Nf8
15. b5 Bxf3 16. Bxf3 Bg5 17. Re1 Nbd7 18. Qa4 Bxe3 19. fxe3 Qf6 20. Rac1
1/2-1/2

[Event "21st Czech GM Open"]
[Site "Pardubice CZE"]
[Date "2010.07.27"]
[Round "5"]
[White "Allahverdiev,A"]
[Black "Danin,A"]
[Result "1/2-1/2"]
[WhiteElo "2410"]
[BlackElo "2509"]
[EventDate "2010.07.23"]

1. Nf3 Nf6 2. g3 d5 3. Bg2 g6 4. O-O Bg7 5. c4 O-O 6. cxd5 Nxd5 7. d4 Nb6
8. Bf4 Nc6 9. e3 h6 10. h4 Bg4 11. Nc3 e5 12. dxe5 Qc8 13. Qc2 Bxf3 14.
Bxf3 Nxe5 15. Bxe5 Bxe5 16. Qe4 Bg7 17. Qxb7 Qxb7 18. Bxb7 Rab8 19. Ba6 Nd7
20. Rab1 Nc5 21. Be2 Rfd8 22. Rfd1 Bxc3 23. bxc3 Rxb1 24. Rxb1 Rd2 25. Bc4
Ne4 26. Rb7 Nd6 27. Rxc7 Nxc4 28. Rxc4 Rxa2 29. g4 a5 30. Kg2 a4 31. Rc7 a3
32. Ra7 Ra1 33. Kf3 a2 34. Kf4 Rc1 35. Rxa2 Rxc3 36. Ra5 Rc1 37. h5 g5+ 38.
Kf5 Kg7 39. f4 gxf4 40. Kxf4 Rf1+ 41. Ke4 Rg1 42. Kf3 Rf1+ 43. Kg2 Re1 44.
Kf2 Rh1 45. e4 Rh3 46. e5 Rb3 47. Ra7 Kg8 48. Ra6 Kg7 49. Rf6 Ra3 50. Rf5
Ra2+ 51. Kg3 Ra3+ 52. Rf3 Ra4 53. Re3 Rb4 54. Kf3 Ra4 55. Re4 Ra1 56. Rb4
Rf1+ 57. Ke4 Rg1 58. Kf5 Rf1+ 59. Rf4 Rg1 60. Rf3 Rg2 61. Kf4 Rg1 62. Rf2
Re1 63. Kf5 Rg1 64. Rf3 Rg2 65. Rf1 Rg3 66. Ra1 Rf3+ 67. Ke4 Rg3 68. Kf4
Rg2 69. Ra7 Re2 70. Rb7 Re1 71. Rb3 Re2 72. Re3 Rf2+ 73. Kg3 Rf1 74. Rf3
Rg1+ 75. Kf4 Re1 76. Rg3 f6 77. exf6+ Kxf6 78. Ra3 Rf1+ 79. Kg3 Kg7 80.
Ra7+ Kg8 81. Ra5 Rf7 82. Rb5 1/2-1/2

[Event "21st Czech GM Open"]
[Site "Pardubice CZE"]
[Date "2010.07.27"]
[Round "5"]
[White "Klovans,J"]
[Black "Safarli,E"]
[Result "1-0"]
[WhiteElo "2444"]
[BlackElo "2603"]
[EventDate "2010.07.23"]

1. e4 c5 2. Nf3 d6 3. d4 cxd4 4. Nxd4 Nf6 5. Nc3 a6 6. Be2 e5 7. Nb3 Be7 8.
O-O O-O 9. a4 Nc6 10. Be3 Be6 11. Bf3 Nb4 12. a5 Rc8 13. Bb6 Qd7 14. Re1
Bd8 15. Be3 h6 16. Re2 Ne8 17. Rd2 Bg5 18. Nc5 Qe7 19. Bxg5 hxg5 20. Nxe6
fxe6 21. Na4 Nc6 22. Nb6 Rd8 23. c3 Nf6 24. h3 g4 25. hxg4 Nh7 26. g3 Qg5
27. Rd3 Qh6 28. Bg2 Ng5 29. Rxd6 Qf6 30. Rd2 Rxd2 31. Qxd2 Nf3+ 32. Bxf3
Qxf3 33. Re1 Qxg4 34. b4 Rf6 35. Nd7 Rg6 36. Kg2 Qh4 37. Qd6 Qd8 38. Rd1
Rh6 39. Nc5 Qf6 40. Qd2 Qe7 41. Qe3 Nd8 42. Qd2 Nf7 43. Rh1 Rxh1 44. Kxh1
Qf6 45. Kg2 Ng5 46. Qe2 Qe7 47. Qg4 Kf7 48. Qh5+ Kg8 49. Qg6 Kh8 50. f4
exf4 51. gxf4 Nh7 52. Qxe6 Qd8 53. Qd7 Qg8 54. e5 Qa2+ 55. Kg3 Nf8 56. Qe8
Qb1 57. Qxf8+ Kh7 58. Qd6 Qe1+ 59. Kf3 1-0

[Event "21st Czech GM Open"]
[Site "Pardubice CZE"]
[Date "2010.07.27"]
[Round "5"]
[White "Grigoriants,S RUS"]
[Black "Mikhalevski,A"]
[Result "1-0"]
[WhiteElo "2566"]
[BlackElo "2437"]
[EventDate "2010.07.23"]

1. e4 e5 2. Nf3 Nc6 3. Bb5 a6 4. Ba4 Nf6 5. Qe2 b5 6. Bb3 Na5 7. O-O Nxb3
8. axb3 Bb7 9. Nc3 Be7 10. d4 exd4 11. Nxd4 O-O 12. e5 b4 13. Na4 Ne4 14.
Nf5 f6 15. Qg4 g6 16. f3 Bc5+ 17. Nxc5 Nxc5 18. Nh6+ Kh8 19. Qxb4 d6 20.
exf6 Rb8 21. Bg5 Ne6 22. Qc3 d5 23. f7+ d4 24. Bxd8 dxc3 25. Bf6+ Ng7 26.
bxc3 Bd5 27. Rfe1 1-0

[Event "21st Czech GM Open"]
[Site "Pardubice CZE"]
[Date "2010.07.27"]
[Round "5"]
[White "Richter,Mic"]
[Black "Shomoev,A"]
[Result "1-0"]
[WhiteElo "2428"]
[BlackElo "2561"]
[EventDate "2010.07.23"]

1. d4 Nf6 2. c4 g6 3. Nc3 Bg7 4. e4 d6 5. f3 O-O 6. Be3 c5 7. dxc5 dxc5 8.
Qxd8 Rxd8 9. Bxc5 Nc6 10. Nge2 Nd7 11. Bf2 Nde5 12. Nf4 Bh6 13. Bg3 b6 14.
Nfd5 Kf8 15. f4 Nd7 16. Rd1 Bb7 17. Be2 Rac8 18. O-O e6 19. Ne3 Nc5 20. Nc2
a5 21. f5 Nb4 22. Nxb4 axb4 23. Nb5 exf5 24. exf5 Ne4 25. Nd6 Be3+ 26. Kh1
Nxg3+ 27. hxg3 Rc7 28. Nxb7 Rxd1 29. Rxd1 Rxb7 30. f6 Rb8 31. Bf3 h5 32.
Rd7 Kg8 33. Kh2 Bc1 34. Bd5 Rf8 35. Rb7 Be3 36. Kh3 Kh7 37. Bxf7 Kh6 38. g4
Kg5 39. gxh5 gxh5 40. g3 Rd8 41. Bd5 Kxf6 42. Kh4 Rh8 43. Rf7+ Kg6 44. Rf3
Bg5+ 45. Kh3 Be7 46. Be4+ Kg7 47. Rf5 Rh6 48. Bd5 Bf6 49. a3 bxa3 50. bxa3
h4 51. g4 Rg6 52. a4 Rg5 53. Rxg5+ Bxg5 54. c5 bxc5 55. a5 Bd8 56. a6 Bb6
57. Kxh4 Kf6 58. Kh5 Kg7 59. Kg5 Ba7 60. Kf5 Bb6 61. Bc4 1-0

[Event "21st Czech GM Open"]
[Site "Pardubice CZE"]
[Date "2010.07.27"]
[Round "5"]
[White "Maslak,K"]
[Black "Fedorovsky,M"]
[Result "1-0"]
[WhiteElo "2560"]
[BlackElo "2423"]
[EventDate "2010.07.23"]

1. e4 c5 2. Nf3 d6 3. d4 cxd4 4. Nxd4 Nf6 5. Nc3 g6 6. Be3 a6 7. f3 b5 8.
Qd2 Bb7 9. a4 e5 10. Nb3 b4 11. Na2 d5 12. Bg5 Nbd7 13. exd5 h6 14. Bxf6
Nxf6 15. Nxb4 Nxd5 16. Nxd5 Bxd5 17. O-O-O Bxb3 18. Qxd8+ Rxd8 19. cxb3
Rxd1+ 20. Kxd1 a5 21. Bb5+ Kd8 22. Ke2 Bd6 23. Rc1 Rf8 24. Rc6 Bb4 25. Bc4
Ke7 26. Rc7+ Kf6 27. h4 h5 28. g3 Kg7 29. g4 Kf6 30. Ra7 Kg7 31. Kd3 Rd8+
32. Ke2 Rd2+ 33. Ke3 Bc5+ 34. Kxd2 Bxa7 35. b4 axb4 36. gxh5 gxh5 37. a5 f5
38. Be2 Bf2 39. a6 f4 40. Kd3 Kf6 41. Ke4 Ke6 42. b3 Bb6 43. Bc4+ Kd7 44.
Kf5 1-0

[Event "21st Czech GM Open"]
[Site "Pardubice CZE"]
[Date "2010.07.27"]
[Round "5"]
[White "Kravtsiv,M"]
[Black "Semcesen,D"]
[Result "1-0"]
[WhiteElo "2559"]
[BlackElo "2420"]
[EventDate "2010.07.23"]

1. e4 e5 2. Nf3 Nf6 3. Nxe5 d6 4. Nf3 Nxe4 5. d4 d5 6. Bd3 Nd6 7. O-O Be7
8. Bf4 Nd7 9. c3 O-O 10. Nbd2 Re8 11. Qc2 Nf8 12. Rfe1 c6 13. Nf1 g6 14.
Ng3 Ne6 15. Bd2 Ng7 16. Ne5 Ngf5 17. Nf1 Ng7 18. Ne3 Be6 19. h3 Bf8 20. Re2
Ngf5 21. N3g4 Bg7 22. Rae1 Ne4 23. Bxe4 dxe4 24. Rxe4 Bd5 25. R4e2 f6 26.
Nd3 Rxe2 27. Rxe2 Qd7 28. Bc1 b5 29. Nc5 Qf7 30. b3 Re8 31. Qd1 h5 32. Ne3
Nxe3 33. Rxe3 Bf8 34. Nd3 Bd6 35. Qe1 Rxe3 36. Qxe3 g5 37. Qe2 Qg6 38. f3
g4 39. fxg4 hxg4 40. Bf4 Ba3 41. hxg4 Qe4 42. Qxe4 Bxe4 43. Nf2 Bb1 44. b4
Bc2 45. Bd2 Kf7 46. Nh3 Bd1 47. g5 fxg5 48. Nxg5+ Ke7 49. Kf2 Kd6 50. Ke3
a5 51. bxa5 Kc7 52. Ne4 Be7 53. Kf4 Bc2 54. g4 Bb1 55. g5 Bxa2 56. g6 Kb7
57. Nc5+ Bxc5 58. dxc5 Ka6 59. Bc1 1-0

[Event "21st Czech GM Open"]
[Site "Pardubice CZE"]
[Date "2010.07.27"]
[Round "5"]
[White "Kuljasevic,D"]
[Black "Nithander,V"]
[Result "1-0"]
[WhiteElo "2551"]
[BlackElo "2409"]
[EventDate "2010.07.23"]

1. d4 Nf6 2. c4 g6 3. Nc3 Bg7 4. e4 d6 5. Nf3 O-O 6. h3 Na6 7. Bg5 c6 8.
Be2 Qe8 9. O-O e5 10. d5 cxd5 11. cxd5 Nc5 12. Nd2 Bd7 13. a4 Rc8 14. a5 h6
15. Be3 Nh7 16. Nc4 Qe7 17. b4 Na6 18. Bxa7 f5 19. b5 Nc5 20. Nb6 Rc7 21.
Nxd7 Nxd7 22. Na4 fxe4 23. Be3 Ng5 24. a6 bxa6 25. bxa6 Ra8 26. Bb5 Rf8 27.
a7 Nf6 28. Nb6 Rxa7 29. Rxa7 Qxa7 30. Nd7 Qa5 31. Nxf8 Qxb5 32. Nxg6 Kf7
33. Nh4 Qxd5 34. Nf5 Qxd1 35. Rxd1 d5 36. Bxg5 hxg5 37. Ra1 Bf8 38. Ra6 d4
39. Kf1 Nd5 40. Rc6 Nf4 41. Ng3 e3 42. fxe3 dxe3 43. Rc3 Nd5 44. Rb3 Ke6
45. Ke2 Bc5 46. Ne4 Nf4+ 47. Kf3 Bd4 48. Nxg5+ Kd5 49. Rb5+ Kc4 50. Rb1 e2
51. g3 Nd5 52. Re1 Nc3 53. Ne4 1-0

[Event "21st Czech GM Open"]
[Site "Pardubice CZE"]
[Date "2010.07.27"]
[Round "5"]
[White "Zpevak,P"]
[Black "Polak,T"]
[Result "1/2-1/2"]
[WhiteElo "2410"]
[BlackElo "2544"]
[EventDate "2010.07.23"]

1. d4 Nf6 2. c4 e6 3. Nc3 Bb4 4. Qc2 O-O 5. a3 Bxc3+ 6. Qxc3 b6 7. Bg5 Bb7
8. e3 d6 9. f3 Nbd7 10. Bd3 Rc8 11. Ne2 1/2-1/2

[Event "21st Czech GM Open"]
[Site "Pardubice CZE"]
[Date "2010.07.27"]
[Round "5"]
[White "Panarin,M"]
[Black "Batchuluun,T"]
[Result "1-0"]
[WhiteElo "2531"]
[BlackElo "2388"]
[EventDate "2010.07.23"]

1. e4 e6 2. d4 d5 3. e5 c5 4. c3 Nc6 5. Nf3 Qb6 6. a3 c4 7. Ng5 h6 8. Nh3
Bd7 9. Nd2 Na5 10. Nf4 Qc7 11. g3 O-O-O 12. h4 g6 13. Bg2 Ne7 14. Rb1 Kb8
15. O-O Nc8 16. Nf3 Nb6 17. Nh2 Ba4 18. Qe2 h5 19. Nh3 Nc6 20. Bg5 Be7 21.
Nf3 Rdg8 22. Bxe7 Nxe7 23. Nfg5 Nf5 24. Nf4 Rh6 25. Bh3 Rgh8 26. Qd2 Qe7
27. Kh2 Bb3 28. Ng2 a5 29. Ne3 Ka7 30. Bg2 Ng7 31. Rh1 Kb8 32. Kg1 Ka7 33.
Re1 Ka8 34. Bf3 Ka7 35. Rh3 Nf5 36. Ng2 Ka8 37. Be2 Ka7 38. f3 Nd7 39. Kf2
Nb8 40. Reh1 Nc6 41. g4 Ng7 42. R3h2 Nd8 43. Ke1 b6 44. Nh3 R6h7 45. Qg5
Qxg5 46. Nxg5 Rh6 47. Ne3 Rf8 48. f4 Ba4 49. gxh5 Nxh5 50. Bxh5 Rxh5 51.
Ng4 Rfh8 52. Nf6 R5h6 53. h5 gxh5 54. Ng4 Rg6 55. Rxh5 Rxh5 56. Rxh5 Rg8
57. Kd2 Rf8 58. Rh7 Ka6 59. Nf6 Bc6 60. Nf3 Kb7 61. Kc2 Ka6 62. Nh4 b5 63.
f5 b4 64. axb4 axb4 65. Ng6 fxg6 66. fxg6 Be8 67. Ra7+ Kb5 68. g7 Bg6+ 69.
Kc1 1-0

[Event "21st Czech GM Open"]
[Site "Pardubice CZE"]
[Date "2010.07.27"]
[Round "5"]
[White "Csiba,D"]
[Black "Nabaty,T"]
[Result "0-1"]
[WhiteElo "2393"]
[BlackElo "2523"]
[EventDate "2010.07.23"]

1. e4 e5 2. Nf3 Nc6 3. d4 exd4 4. Nxd4 Nf6 5. Nxc6 bxc6 6. e5 Qe7 7. Qe2
Nd5 8. c4 Ba6 9. b3 g6 10. g3 Bg7 11. Bb2 O-O 12. Nd2 Rae8 13. O-O-O Nb6
14. f4 d5 15. Qe3 f6 16. Nf3 dxc4 17. bxc4 Qf7 18. c5 Bxf1 19. Rhxf1 Nc4
20. Qc3 Rb8 21. exf6 Rxb2 22. fxg7 Rfb8 23. Qd3 Rxa2 24. Qd4 Na3 0-1

[Event "21st Czech GM Open"]
[Site "Pardubice CZE"]
[Date "2010.07.27"]
[Round "5"]
[White "Rojicek,V"]
[Black "Gutman,G"]
[Result "1/2-1/2"]
[WhiteElo "2423"]
[BlackElo "2502"]
[EventDate "2010.07.23"]

1. e4 e6 2. d4 d5 3. Nc3 Bb4 4. e5 c5 5. a3 Bxc3+ 6. bxc3 Qc7 7. Nf3 b6 8.
Bb5+ Bd7 9. Bd3 Ba4 10. O-O c4 11. Be2 Ne7 12. h4 h6 13. h5 Nbc6 14. Re1
Kd7 15. Nh2 Qd8 16. Bf4 Qg8 17. Rc1 Qh7 18. Nf1 Raf8 19. Bg4 Kc7 20. Ne3
Kb7 21. Bg3 Re8 22. Bh3 Rhf8 23. f4 Ka6 24. f5 exf5 25. Qf3 g6 26. Nxd5
Nxd5 27. Qxd5 g5 28. Rb1 Na5 29. Rb4 Bc6 30. Qd6 g4 31. Reb1 f6 32. e6 Qb7
33. d5 Bxd5 34. Rb5 Bc6 35. a4 Qc8 36. Bf2 Bxb5 37. axb5+ Kb7 38. e7 Rg8
39. Qd5+ Nc6 40. Re1 Kb8 41. bxc6 Qc7 42. Bc5 bxc5 43. Rb1+ Ka8 44. Rb7 Qe5
45. Qd1 Rxe7 46. Bxg4 fxg4 47. Rxe7 Qxe7 48. c7 Kb7 49. Qd5+ Kxc7 50. Qxg8
Qe1+ 51. Kh2 Qe5+ 52. g3 Qe2+ 53. Kg1 Qd1+ 54. Kf2 Qf3+ 55. Ke1 Qxg3+ 56.
Kd2 Qf4+ 57. Kd1 g3 58. Qf7+ Kd6 59. Qf8+ Kd5 60. Qa8+ Ke5 61. Qe8+ 1/2-1/2

[Event "21st Czech GM Open"]
[Site "Pardubice CZE"]
[Date "2010.07.27"]
[Round "5"]
[White "Bryzgalin,K"]
[Black "Raykhman,A"]
[Result "1/2-1/2"]
[WhiteElo "2499"]
[BlackElo "2362"]
[EventDate "2010.07.23"]

1. d4 Nf6 2. Nf3 g6 3. Bg5 Bg7 4. Nbd2 c5 5. e3 cxd4 6. exd4 O-O 7. Be2 d6
8. O-O Qc7 9. Nc4 Nc6 10. c3 e5 11. dxe5 dxe5 12. Qd6 Ne8 13. Qxc7 Nxc7 14.
Rfd1 Be6 15. Be3 h6 16. Bc5 Rfd8 17. a4 Nd5 18. g3 b6 19. Ba3 Bg4 20. Kg2
e4 21. Ng1 Be6 22. Nd6 f5 23. Bc4 Nc7 24. Bxe6+ Nxe6 25. f3 exf3+ 26. Nxf3
Ng5 27. Nxg5 hxg5 28. Nc4 g4 29. h3 gxh3+ 30. Kxh3 Ne5 1/2-1/2

[Event "21st Czech GM Open"]
[Site "Pardubice CZE"]
[Date "2010.07.27"]
[Round "5"]
[White "Kanovsky,D"]
[Black "Morozov,D"]
[Result "0-1"]
[WhiteElo "2492"]
[BlackElo "2354"]
[EventDate "2010.07.23"]

1. e4 c5 2. Nf3 d6 3. d4 cxd4 4. Nxd4 Nf6 5. Nc3 a6 6. Bg5 e6 7. Bc4 b5 8.
Bb3 Be7 9. Qf3 Qc7 10. e5 Bb7 11. exd6 Bxd6 12. Qe3 O-O 13. O-O-O Be5 14.
f4 Bxd4 15. Rxd4 Nbd7 16. Rhd1 Rfe8 17. Qh3 Bc6 18. Kb1 Qb7 19. f5 exf5 20.
Qxf5 b4 21. Nd5 Nxd5 22. Bxd5 Ne5 23. Bb3 a5 24. Rh4 Ng6 25. Rxh7 Be4 26.
Qh3 Qc6 27. Rf1 Re6 28. Bxe6 fxe6 29. Ka1 b3 30. cxb3 a4 31. Bf6 Ra7 32.
Qe3 Qa6 33. Rxg7+ Rxg7 34. Rd1 Rd7 35. Bd4 Bc2 36. Re1 axb3 37. a3 Qc4 38.
Bf6 Qe4 39. Qxe4 Bxe4 40. g3 Bf3 41. Kb1 e5 42. Kc1 e4 0-1

[Event "21st Czech GM Open"]
[Site "Pardubice CZE"]
[Date "2010.07.27"]
[Round "5"]
[White "Kjartansson,G"]
[Black "Vidit,S"]
[Result "0-1"]
[WhiteElo "2384"]
[BlackElo "2492"]
[EventDate "2010.07.23"]

1. Nf3 c5 2. c4 Nc6 3. Nc3 e5 4. d3 d6 5. g3 g6 6. Bg2 Bg7 7. Bg5 f6 8. Bd2
Nge7 9. h4 h6 10. Qc1 Be6 11. Rb1 Rb8 12. a3 a6 13. b4 cxb4 14. axb4 b5 15.
cxb5 axb5 16. e4 Qd7 17. Be3 d5 18. exd5 Nxd5 19. Nxd5 Bxd5 20. O-O Rc8 21.
Qd2 g5 22. Bc5 Kf7 23. Ra1 Ra8 24. Rfc1 Rhd8 25. Qe3 g4 26. Rxa8 Rxa8 27.
Ne1 f5 28. Bf1 Kg8 29. Qd2 Qe6 30. Ng2 Bb3 31. Be2 Ra2 32. Qe3 h5 33. f4
Bh6 34. Re1 Bd5 35. Bf1 Kf7 36. Qc1 Qd7 37. Qc3 Kg8 38. fxe5 Bd2 39. e6
Bxc3 40. exd7 Bxe1 41. Nxe1 Kf7 42. d4 Ke6 43. Bxb5 Kxd7 44. Bd3 Be4 45. b5
Na5 46. b6 Kc6 47. Bxe4+ fxe4 48. Ng2 Nc4 49. Nf4 e3 50. Kf1 Rf2+ 51. Ke1
Rxf4 52. gxf4 g3 0-1

[Event "21st Czech GM Open"]
[Site "Pardubice CZE"]
[Date "2010.07.27"]
[Round "5"]
[White "Lalic,B"]
[Black "Bures,J"]
[Result "1/2-1/2"]
[WhiteElo "2491"]
[BlackElo "2332"]
[EventDate "2010.07.23"]

1. d4 Nf6 2. c4 c5 3. d5 b5 4. cxb5 a6 5. bxa6 g6 6. Nc3 Bxa6 7. Nf3 d6 8.
e4 Bxf1 9. Kxf1 Bg7 10. g3 O-O 11. Kg2 Nbd7 12. Re1 Ng4 13. Nd2 Nge5 14.
Qe2 Nb6 15. f4 Ned7 16. a4 Bxc3 17. bxc3 Nxa4 18. c4 Nab6 19. Bb2 Na4 20.
Bc1 Nab6 21. Bb2 1/2-1/2

[Event "21st Czech GM Open"]
[Site "Pardubice CZE"]
[Date "2010.07.27"]
[Round "5"]
[White "Tuvshintugs,B"]
[Black "Rasik,V"]
[Result "0-1"]
[WhiteElo "2321"]
[BlackElo "2491"]
[EventDate "2010.07.23"]

1. d4 Nf6 2. Nf3 g6 3. Nc3 d5 4. Bf4 Bg7 5. e3 O-O 6. Be2 Nh5 7. Bg5 h6 8.
Bh4 g5 9. Ne5 gxh4 10. Bxh5 e6 11. O-O c5 12. f4 Nc6 13. Kh1 Nxe5 14. fxe5
Qg5 15. Qe2 f6 16. exf6 Rxf6 17. Rxf6 Bxf6 18. Rf1 Bd7 19. Qg4 Rf8 20. Nxd5
exd5 21. Qxd7 Qxh5 22. dxc5 Bg7 23. Rxf8+ Bxf8 24. h3 Qf7 25. Qg4+ Bg7 26.
b4 Kh7 27. Kg1 Bf6 28. Qf5+ Kg7 29. b5 Bg5 30. Qe5+ Qf6 31. Qe8 Qe7 32.
Qxe7+ Bxe7 33. c6 bxc6 34. bxc6 Bd6 35. Kf2 Kf6 36. Kf3 Ke7 37. e4 dxe4+
38. Kxe4 Kd8 39. Kd5 Kc7 40. c3 0-1

[Event "21st Czech GM Open"]
[Site "Pardubice CZE"]
[Date "2010.07.27"]
[Round "5"]
[White "Velicka,P"]
[Black "Stella,A"]
[Result "1/2-1/2"]
[WhiteElo "2483"]
[BlackElo "2310"]
[EventDate "2010.07.23"]

1. e4 c5 2. Nf3 d6 3. Bc4 Nf6 4. d3 Nc6 5. c3 g6 6. O-O Bg7 7. Nbd2 O-O 8.
Re1 Rb8 9. a4 a6 10. h3 e5 11. Ba2 b5 12. axb5 axb5 13. Nf1 b4 14. Bg5 h6
15. Bxf6 Bxf6 16. Ne3 Bg7 17. Bd5 Ne7 18. Ra7 Kh7 19. Qa1 f5 20. Ra8 Rxa8
21. Qxa8 fxe4 22. dxe4 bxc3 23. bxc3 Qc7 24. Qa2 Bxh3 25. Be6 Bxe6 26. Qxe6
Rf6 27. Nd5 Nxd5 28. Qxd5 Qf7 29. Rd1 Bf8 30. Kf1 Kg7 31. Qxf7+ Kxf7 32.
Nd2 Ke6 33. Nc4 Rf7 34. Ra1 Rb7 35. Ke2 Be7 36. Kd3 h5 37. Kc2 h4 38. Ra8
Rd7 39. Nb6 Rd8 40. Rxd8 Bxd8 41. Nd5 g5 42. Ne3 g4 43. Nxg4 d5 44. f3 Bg5
45. exd5+ Kxd5 46. Nf2 Kc4 47. Ne4 Bf4 48. Nd6+ Kd5 49. Ne4 Kc4 50. Nf2 Bg5
51. Ng4 Kd5 52. Nf2 1/2-1/2

[Event "21st Czech GM Open"]
[Site "Pardubice CZE"]
[Date "2010.07.27"]
[Round "5"]
[White "Shemeakin,A"]
[Black "Adhiban,B"]
[Result "1/2-1/2"]
[WhiteElo "2281"]
[BlackElo "2483"]
[EventDate "2010.07.23"]

1. d4 Nf6 2. c4 g6 3. Nc3 Bg7 4. e4 d6 5. Nge2 O-O 6. f3 Nbd7 7. Be3 c5 8.
d5 Ne5 9. Ng3 h5 10. Be2 h4 11. Nf1 e6 12. Nd2 exd5 13. cxd5 a6 14. a4 Bd7
15. O-O b5 16. b3 Rb8 17. axb5 axb5 18. Rc1 Qa5 19. h3 Nh5 20. f4 Nd3 21.
Bxd3 Bxc3 22. e5 dxe5 23. Ne4 exf4 24. Bxc5 Be5 25. b4 Qa3 26. Rf3 Rfd8 27.
Bxb5 Qa8 28. Bc4 Bf5 29. Nc3 Rbc8 30. Bd3 Bxd3 31. Rxd3 Ng3 32. Qf3 Bxc3
33. Rdxc3 Qxd5 34. R3c2 Qxf3 35. gxf3 Rd3 36. Kf2 Nf5 37. b5 Rb3 38. b6 Ne3
39. Bxe3 fxe3+ 40. Ke2 Rxc2+ 41. Rxc2 Kg7 42. Rc4 g5 43. f4 g4 44. hxg4
Rxb6 45. Kxe3 Rb3+ 46. Kf2 Rg3 47. g5 Rg4 48. Kf3 Rg3+ 49. Kf2 Rg4 50. Kf3
Rg3+ 51. Kf2 1/2-1/2